[Event "25th Spring Festival"]
[Site "Budapest HUN"]
[Date "2009.03.23"]
[Round "4"]
[White "Juhasz,Kr"]
[Black "Bodrogi,L"]
[Result "1-0"]
[WhiteElo "2181"]
[BlackElo "2088"]

1.Nf3 Nf6 2.c4 c5 3.Nc3 e6 4.g3 b6 5.Bg2 Bb7 6.O-O Be7 7.Re1 d6 8.e4 Nbd7
9.d4 cxd4 10.Nxd4 a6 11.e5 dxe5 12.Bxb7 exd4 13.Bxa8 Qxa8 14.Qxd4 Bc5 15.Qd1 h5
16.Bg5 Ng4 17.Ne4 Nde5 18.b4 Bxf2+ 19.Nxf2 Nf3+ 20.Kf1 Nxg5 21.Qd5 Nxh2+
22.Kg2 Qxd5+ 23.cxd5 Nhf3 24.Rec1 Kd7 25.dxe6+ fxe6 26.Rd1+ Ke7 27.Rac1 Ne5
28.Nd3 Nxd3 29.Rxd3 h4 30.gxh4 Rxh4 31.a3 a5 32.b5 Nf7 33.Rc7+ Ke8 34.Rc6 Ke7
35.Rc7+ Ke8 36.Rb7 Ne5 37.Re3 Rg4+ 38.Kh3 Rg5 39.Rxb6 Nc4 40.Rbxe6+ Kd7 41.Re7+ Kd6
42.R3e6+ Kc5 43.b6 Nxb6 44.Rc7+ Kb5 45.Rb7 Ka4 46.Rexb6 Kxa3 47.Ra6 Ka4 48.Kh4 Rb5
49.Rxg7 Ka3 50.Rg4  1-0

[Event "Open A"]
[Site "Zagreb CRO"]
[Date "2009.03.24"]
[Round "4"]
[White "Vukic,R"]
[Black "Djurovic,G"]
[Result "1/2-1/2"]
[WhiteElo "2340"]
[BlackElo "2279"]

1.Nf3 Nf6 2.c4 c5 3.Nc3 e6 4.g3 b6 5.Bg2 Bb7 6.O-O Be7 7.Re1 d6 8.e4 a6 9.d4 cxd4
10.Nxd4 Qc7 11.Be3 O-O 12.Rc1 Re8 13.f4 Bf8 14.f5 h6 15.fxe6 fxe6 16.Bh3 Qf7
17.Bf2 Nbd7 18.b3 Rad8 19.Qf3 g5 20.Bxe6 Rxe6 21.Nxe6 Qxe6 22.Nd5 Bxd5 23.exd5 Ne5
24.Kg2 Qh3+ 25.Kxh3 Nxf3 26.Re6 Nd7 27.b4 Nfe5 28.Bd4 Rc8 29.a4 Rxc4 30.Rxc4 Nxc4
31.Re8 a5 32.Rd8 Nde5 33.bxa5 bxa5 34.Ra8 Nd7 35.Kg4 Nc5 36.Kf5 Nb6 37.Rxa5 Nbxa4
38.Ra7 Nb6 39.Bxc5 dxc5 40.Ke6 Nc4 41.Rc7 Na3 42.Rc8 Nb5 43.g4 Kg7 44.h3 Kg8
45.Rb8 Nd6 46.Rb6 Kg7 47.Rc6 Nb5 48.Rc8 Nd4+ 49.Ke5 Nf3+ 50.Kf5 Nd4+ 51.Ke5 Nb5
52.Ke6 Kg8 53.Kf6 Nd6 54.Rc6 Ne8+ 55.Kg6 Be7 56.Rc8 Kf8 57.Rc6 Kg8 58.Rc8  1/2-1/2

[Event "ITT Proyeccion U20"]
[Site "Buenos Aires ARG"]
[Date "2009.03.28"]
[Round "5"]
[White "Goldwaser,C"]
[Black "Contin,D"]
[Result "1-0"]
[WhiteElo "2356"]
[BlackElo "2321"]

1.Nf3 c5 2.c4 Nf6 3.Nc3 g6 4.d4 cxd4 5.Nxd4 Nc6 6.e4 d6 7.Be2 Nxd4 8.Qxd4 Bg7
9.Be3 O-O 10.Qd2 Be6 11.Rc1 Qa5 12.f3 Rfc8 13.b3 a6 14.Na4 Qxd2+ 15.Kxd2 Nd7
16.g4 Rc6 17.h3 f5 18.exf5 gxf5 19.f4 Nf6 20.Rhg1 Rd8 21.Bb6 Rd7 22.Bd4 Kf8
23.Bf3 Ne4+ 24.Bxe4 fxe4 25.Bxg7+ Kxg7 26.Nc3 d5 27.cxd5 Bxd5 28.Ke3 Bxb3
29.Nxe4 Bc2 30.Nf2 Re6+ 31.Kf3 Ba4 32.Rge1 Bc6+ 33.Kg3 Red6 34.Rc3 Rd2 35.a3 Kf7
36.f5 Ra2 37.Nd3 Rd6 38.Nf4 a5 39.Rce3 Rd7 40.h4 Rad2 41.g5 b5 42.h5 b4 43.axb4 axb4
44.h6 Bd5 45.g6+ Kf6 46.Kg4 hxg6 47.fxg6 Rd6 48.Rxe7 Rh2 49.h7 Bc4 50.Nh5+ Kxg6
51.Rg7+  1-0

[Event "Spring Open"]
[Site "Belgrade SRB"]
[Date "2009.03.31"]
[Round "9"]
[White "Nenezic,Z"]
[Black "Pavlovic,L"]
[Result "1/2-1/2"]
[WhiteElo "1872"]
[BlackElo "1624"]

1.c4 g6 2.Nc3 c5 3.Nf3 Nf6 4.d4 Bg7 5.e4 cxd4 6.Nxd4 d6 7.f3 O-O 8.Be3 Nc6
9.Qd2 Bd7 10.g4 a6 11.O-O-O Qc7 12.Kb1 Ne5 13.g5 Nh5 14.Nd5 Qd8 15.f4 Nc6
16.Be2 Bxd4 17.Bxd4 Nxd4 18.Qxd4 Ng7 19.h4 Ne6 20.Qe3 Bc6 21.h5 Rb8 22.hxg6 fxg6
23.Qh3 Rf7 24.f5 Bxd5 25.cxd5 Nf4 26.Qe3 Nxe2 27.fxg6 Rg7 28.Rxh7 Rxh7 29.gxh7+ Kxh7
30.Rh1+ Kg7 31.Qxe2 Qe8 32.Rh6 Qb5 33.Qxb5 axb5 34.Re6 Kf7 35.g6+ Ke8 36.Kc2 Kd7
37.Kd3 Rf8 38.Ke3 Rf1 39.Kd4 Rf4 40.Kc3 Rf2 41.a3 Rf3+ 42.Kb4 Rf2 43.b3 Rf3
44.a4 bxa4 45.bxa4 Rf1 46.Kc4 Ra1 47.Kd4 Rxa4+ 48.Ke3 b5 49.g7 Ra8 50.Kf4 b4
51.Kg5 b3 52.Rh6  1/2-1/2

[Event "Open"]
[Site "Las Palmas ESP"]
[Date "2009.04.05"]
[Round "1"]
[White "Arana Hernandez,M"]
[Black "Javakhadze,Z"]
[Result "0-1"]
[WhiteElo "1714"]
[BlackElo "2288"]

1.Nf3 Nf6 2.c4 c5 3.Nc3 g6 4.b3 Bg7 5.Bb2 O-O 6.g3 Nc6 7.Bg2 d6 8.O-O Bd7
9.a3 Rb8 10.d4 cxd4 11.Nxd4 a6 12.e3 Qb6 13.Rc1 Rfc8 14.Na4 Qa5 15.Bc3 Qd8
16.Nb2 b5 17.cxb5 axb5 18.Qd3 Qb6 19.Rfd1 Ne5 20.Qe2 h5 21.Nd3 Nxd3 22.Qxd3 h4
23.Bb4 h3 24.Bf1 Ng4 25.Rxc8+ Rxc8 26.Nxb5 Ne5 27.Qe4 Bxb5 28.Bxb5 Qxb5 29.f4 Qe2
30.Rf1 Rc2  0-1

[Event "TCh-HUN 2008-9"]
[Site "Mako HUN"]
[Date "2009.04.05"]
[Round "10"]
[White "Grunberg,SF"]
[Black "Horvath,Ta1"]
[Result "1/2-1/2"]
[WhiteElo "2300"]
[BlackElo "2416"]

1.Nf3 c5 2.c4 Nf6 3.Nc3 e6 4.e3 b6 5.d4 cxd4 6.exd4 Bb7 7.Be2 d5 8.O-O dxc4
9.Bxc4 Be7 10.Qe2 O-O 11.Rd1 a6 12.Ne5 Nc6 13.Nxc6 Bxc6 14.Bxa6 Ra7 15.Bb5 Bb7
16.Bg5 Nd5 17.Bxe7 Nxe7 18.Bc4 Ba8 19.Rd2 Rd7 20.Rad1 Nd5 21.Nxd5 Bxd5 22.b3 Qa8
23.Bxd5 Rxd5 24.Qc4 Rfd8 25.a4  1/2-1/2

[Event "47th Doeberl Cup Premier"]
[Site "Canberra AUS"]
[Date "2009.04.09"]
[Round "1"]
[White "Bird,A"]
[Black "Johansen,D"]
[Result "1/2-1/2"]
[WhiteElo "2146"]
[BlackElo "2452"]

1.Nf3 Nf6 2.c4 c5 3.Nc3 b6 4.e4 Bb7 5.e5 Ng4 6.h3 Nh6 7.d4 cxd4 8.Nxd4 e6
9.Bxh6 gxh6 10.Ndb5 Nc6 11.Nd6+ Bxd6 12.Qxd6 Qe7 13.Ne4 Kf8 14.O-O-O Qxd6
15.Nxd6 Rb8 16.f4 Ke7 17.Be2 Ba8 18.Rd2 f6 19.exf6+ Kxf6 20.Bf3 Rhd8 21.Rhd1 Na5
22.Bh5 Bc6 23.b4 Ba4 24.bxa5 Bxd1 25.Kxd1 bxa5 26.Nf7 Rdc8 27.Ne5 Rb1+ 28.Kc2 Rf1
29.Nxd7+ Ke7 30.Ne5 Rxf4 31.Be2 Rc7 32.Bd3 h5 33.Kc3 h4 34.Nf3 Kf6 35.Re2 h6
36.Re4 Rxe4 37.Bxe4 Rg7 38.Nd2 Rc7 39.Bf3 Ke5 40.a4 Kf4 41.Ne4 Ke5 42.Nd2 Kf4
43.Nb3 e5 44.Nd2 Rc8 45.Ne4 Rb8 46.c5 Rb1 47.Kc4 Rb4+ 48.Kd5 Rd4+ 49.Ke6 Rxa4
50.c6 Rc4 51.Kd7 a4 52.c7 a3 53.Nd2 Rxc7+ 54.Kxc7 e4 55.Bh5 a2 56.Nb3 Kg3
57.Kd6 e3 58.Kd5 Kf2 59.Kd4 e2 60.Bxe2 Kxe2 61.Kc3 Kf2 62.Kd2 Kxg2 63.Ke2 a5
64.Na1 a4 65.Nc2 Kg3 66.Ke3 a3 67.Na1 Kxh3 68.Kf3 Kh2 69.Kf2 Kh3  1/2-1/2

[Event "ArcelorMittal Open"]
[Site "Frydek Mistek CZE"]
[Date "2009.04.09"]
[Round "2"]
[White "Jeanne,M"]
[Black "Pilch,R"]
[Result "1-0"]
[WhiteElo "2206"]
[BlackElo "2038"]

1.Nf3 Nf6 2.c4 g6 3.Nc3 c5 4.g3 Bg7 5.Bg2 O-O 6.d4 d6 7.O-O Nc6 8.dxc5 dxc5
9.Be3 Qa5 10.Nd5 Rd8 11.Bd2 Nb4 12.a3 Nfxd5 13.axb4 Qb6 14.cxd5 Rxd5 15.bxc5 Qxc5
16.Qb3 Bg4 17.Qxb7  1-0

[Event "ArcelorMittal Open"]
[Site "Frydek Mistek CZE"]
[Date "2009.04.10"]
[Round "4"]
[White "Jeanne,M"]
[Black "Turner,R"]
[Result "1-0"]
[WhiteElo "2206"]
[BlackElo "2069"]

1.Nf3 Nf6 2.c4 c5 3.Nc3 g6 4.g3 Bg7 5.d4 cxd4 6.Nxd4 O-O 7.Bg2 Nc6 8.O-O Nxd4
9.Qxd4 d6 10.Qd3 a6 11.Bd2 Rb8 12.Rac1 Bd7 13.c5 d5 14.Nxd5 Nxd5 15.Qxd5 Qc7
16.Bf4 e5 17.Bg5 Be6 18.Qd6 Qa5 19.Qb6 Qxb6 20.cxb6 f6 21.Be3 Rfd8 22.Rc7 Bd5
23.Rd1 Bxg2 24.Rxd8+ Rxd8 25.Kxg2 Rb8 26.Bc5 h6 27.Bd6 Bf8 28.Bxf8 Kxf8 29.b4 Ke8
30.Rh7 Rc8 31.Rxb7 Rc6 32.a4 Kd8 33.a5 Kc8 34.Ra7 Rc4 35.b5 axb5 36.a6  1-0

[Event "Knut Bockman Cup"]
[Site "Oslo NOR"]
[Date "2009.04.10"]
[Round "7"]
[White "Skrondal,I"]
[Black "Urkedal,F"]
[Result "1-0"]
[WhiteElo "2204"]
[BlackElo "2299"]

1.Nf3 Nf6 2.c4 c5 3.Nc3 e6 4.g3 b6 5.Bg2 Bb7 6.O-O Be7 7.Re1 Ne4 8.Nxe4 Bxe4
9.d3 Bb7 10.e4 d6 11.d4 cxd4 12.Nxd4 O-O 13.b3 a6 14.Ba3 Qc7 15.Qg4 Nd7 16.Rad1 Kh8
17.Bb2 Nf6 18.Qe2 Rfd8 19.g4 Nd7 20.g5 Qc5 21.h4 Nf8 22.Qh5 Kg8 23.Bh3 Ng6
24.Nxe6 fxe6 25.Bxe6+ Kh8 26.Bf5 Kg8 27.Be6+ Kh8 28.Qh6 Ne5 29.Qh5 Rf8 30.Bf5 Rxf5
31.exf5 Nf3+ 32.Kf1 Nh2+ 33.Kg1 Qxf5 34.Rxe7 Nf3+ 35.Kf1 Nh2+ 36.Ke1 Nf3+
37.Ke2 Rf8 38.Bxg7+ Kg8 39.Bxf8 Ne5 40.Qxh7+ Qxh7 41.Rxh7  1-0

[Event "47th Doeberl Cup Premier"]
[Site "Canberra AUS"]
[Date "2009.04.12"]
[Round "7"]
[White "Bird,A"]
[Black "Lukman,R"]
[Result "1-0"]
[WhiteElo "2146"]
[BlackElo "2254"]

1.Nf3 c5 2.c4 Nf6 3.Nc3 g6 4.e4 d6 5.d4 cxd4 6.Nxd4 Bg7 7.Be2 O-O 8.O-O Nc6
9.Nc2 Bd7 10.Be3 Rc8 11.f3 Qc7 12.Qd2 Rfe8 13.Rac1 Qb8 14.b3 Ne5 15.c5 Bc6
16.cxd6 exd6 17.Nb4 a5 18.Nbd5 Ned7 19.Nxf6+ Nxf6 20.Bf4 Qa7+ 21.Kh1 Rcd8
22.Nb5 Bxb5 23.Bxb5 Rf8 24.Be3 Qb8 25.Bb6 Rc8 26.Bxa5 Rc5 27.Rxc5 dxc5 28.Rd1 Qe5
29.Bc3 Qh5 30.e5 Bh6 31.Qe2 Bf4 32.g4 Nxg4 33.fxg4 Qh3 34.Rd3  1-0

[Event "47th Doeberl Cup Premier"]
[Site "Canberra AUS"]
[Date "2009.04.12"]
[Round "7"]
[White "Sriram,J"]
[Black "Karavade,E"]
[Result "1-0"]
[WhiteElo "2453"]
[BlackElo "2359"]

1.Nf3 Nf6 2.c4 c5 3.Nc3 d5 4.cxd5 Nxd5 5.g3 Nc6 6.Bg2 g6 7.Qa4 Bg7 8.Qc4 Nb6
9.Qxc5 O-O 10.d3 Be6 11.O-O Rc8 12.Qg5 h6 13.Qh4 g5 14.Bxg5 hxg5 15.Nxg5 Bf5
16.Bh3 Bg6 17.Bxc8 Qxc8 18.Nf3 Qe6 19.Rfe1 Rd8 20.Rac1 Nd4 21.Nxd4 Rxd4 22.Qg5 Qh3
23.Qxe7 Nd7 24.Ne4 Bxe4 25.dxe4 Nf6 26.Rc7 Qh5 27.f3 Rd2 28.Rxb7 Qg6 29.e5 Nd5
30.Qd8+ Kh7 31.Rd7  1-0

[Event "11th European Senior Team"]
[Site "Velden AUT"]
[Date "2009.04.12"]
[Round "8"]
[White "Rodriguez Vargas,O"]
[Black "Rooze,J"]
[Result "1-0"]
[WhiteElo "2406"]
[BlackElo "2283"]

1.c4 Nf6 2.Nc3 c5 3.Nf3 b6 4.b3 Bb7 5.Bb2 e6 6.e3 Be7 7.d4 O-O 8.Bd3 cxd4
9.exd4 d5 10.O-O Nc6 11.Re1 Rc8 12.Rc1 Re8 13.cxd5 Nxd5 14.Nxd5 Qxd5 15.Be4 Qh5
16.d5 exd5 17.Qxd5 Qxd5 18.Bxd5 Kf8 19.h4 Red8 20.Be4 g6 21.Ng5 Kg8 22.Bxc6 Bxg5
23.Bxb7  1-0

[Event "XXVII Open"]
[Site "Metz FRA"]
[Date "2009.04.14"]
[Round "6"]
[White "Shchekachev,A"]
[Black "Iordachescu,V"]
[Result "1/2-1/2"]
[WhiteElo "2532"]
[BlackElo "2608"]

1.Nf3 Nf6 2.c4 e6 3.Nc3 c5 4.g3 b6 5.Bg2 Bb7 6.O-O Be7 7.d3 O-O 8.e4 d6 9.b3 a6
10.Bb2 Nbd7 11.Ne1  1/2-1/2

[Event "CCF Easter"]
[Site "Coulsdon ENG"]
[Date "2009.04.15"]
[Round "4"]
[White "Sowray,P"]
[Black "Lundin,J"]
[Result "1/2-1/2"]
[WhiteElo "2311"]
[BlackElo "2337"]

1.c4 c5 2.Nf3 Nf6 3.Nc3 e6 4.g3 b6 5.Bg2 Bb7 6.O-O Be7 7.d4 cxd4 8.Qxd4 d6
9.Bg5 a6 10.Bxf6 Bxf6 11.Qf4 Bxf3 12.Qxf3 Ra7 13.Rfd1 O-O 14.Rac1 Be7 15.a4 Rc7
16.Qd3 Nd7 17.b3 Qc8 18.Qb1 Rd8 19.Qa2 Nb8 20.Rd3 h6 21.Rcd1 Nc6 22.Bxc6 Rxc6
23.Qd2 Rc7 24.Qe3 Qb7 25.Ne4 Rcd7 26.Nc3 Qc6 27.Qf3 Qc5 28.Kg2 Qb4 29.Qc6 Qc5
30.Qe4 Bf6 31.Qe3 Qc6+ 32.f3 Bg5 33.Qf2 Bf6 34.Na2 Qb7 35.Nb4 Be7 36.Qd4 Ra8
37.R3d2 Rc7 38.Ra2 Bf6 39.Qd3 Be7 40.Nc2 Rd8 41.e4 Rcd7 42.Ne3 Bg5 43.Re2 d5
44.exd5 Bxe3 45.Qxe3 exd5 46.Red2 Re7 47.Qf2 Re5 48.cxd5 Rexd5 49.Rxd5 Rxd5
50.Rxd5 Qxd5 51.Qxb6 a5 52.Qe3 g6 53.Qc3 h5 54.h4 Qd1 55.Kf2 Qh1 56.Ke3 Qg1+
57.Kf4 Qb6 58.g4 hxg4 59.fxg4 Qd6+ 60.Kf3 Qd1+ 61.Kf4 Qd6+ 62.Ke4 Qe6+ 63.Kf3 Qd5+
64.Kg3 Qd6+ 65.Kh3 Qf4 66.Qd3 Qb4 67.h5 gxh5 68.gxh5 Qb7 69.Kg4 Qe7 70.Qd5 Qe2+
71.Kg5 Qe3+ 72.Kf6 Qb6+ 73.Ke5 Qe3+ 74.Kd6 Qb6+ 75.Kd7 Qa7+ 76.Kc6 Qa6+ 77.Kc5 Qa7+
78.Kb5 Kh7 79.Qg5 Qb7+ 80.Kxa5 Qxb3 81.Qe5 Qb7 82.Qc5 Qa8+ 83.Kb4 Qe4+ 84.Kb3 Qf3+
85.Kb2 Qf6+ 86.Qc3 Qb6+ 87.Qb3 Qd4+ 88.Ka2 Qd2+ 89.Kb1 Qe1+ 90.Kb2 Qe5+ 91.Qc3 Qxh5
92.a5 Qb5+ 93.Ka3 f6 94.Qc7+ Kg6 95.Qb6 Qd3+ 96.Kb4 Qe4+ 97.Kc5 Qe5+ 98.Kc6 Qe6+
99.Kc7 Qe5+ 100.Kd8 Qd5+ 101.Kc8 Qf5+ 102.Kb8 Qe5+ 103.Qc7 Qe8+ 104.Kb7 Qe4+
105.Kb8 Qb4+ 106.Ka7 Qd4+ 107.Ka6 Qd3+ 108.Kb6 Qd4+ 109.Qc5 Qd8+ 110.Kb5 Qd7+
111.Kb4 Qd2+ 112.Ka3 Qd3+ 113.Kb2 Qa6 114.Kc3 Qf1 115.Qd5 Qa1+ 116.Kb4 Qe1+
117.Kb5 Qe8+ 118.Kc5 Qc8+ 119.Kd4 Qa6 120.Ke3 Qa7+ 121.Kd3 Qa6+ 122.Kc3 Qc8+
123.Kd2 f5 124.Qd6+ Kg5 125.a6 Qa8 126.Qe7+ Kg4 127.Qg7+ Kf4 128.Qd4+ Kg3
129.a7 f4 130.Qg7+ Kf2 131.Qd4+ Kf3 132.Qg7 Kf2 133.Qd7 f3 134.Qd4+ Kg2 135.Ke3 Qe8+
136.Qe4 Qxe4+ 137.Kxe4 f2 138.a8=Q f1=Q 139.Ke3+ Kg1 140.Qg8+ Qg2 141.Qxg2+ Kxg2  1/2-1/2

[Event "XXII Open"]
[Site "Benidorm ESP"]
[Date "2009.04.30"]
[Round "7"]
[White "Pogorelov,R"]
[Black "Suba,M"]
[Result "1/2-1/2"]
[WhiteElo "2420"]
[BlackElo "2542"]

1.Nf3 c5 2.c4 Nf6 3.Nc3 e6 4.g3 b6 5.Bg2 Bb7 6.O-O d6 7.Re1 Be7 8.e4 Nbd7
9.d4 cxd4 10.Nxd4 Qc7 11.Ndb5 Qb8 12.f4 a6 13.Nd4 h5 14.h3 Qc7 15.Be3 Rc8
16.Rc1 Qb8 17.Qe2 Qa8 18.Bf2 g6 19.Nb3 Nc5 20.Nd2 O-O 21.b4 Ncd7 22.a3 Rfe8
23.Qf1 Qb8 24.Bf3 Bf8 25.Be3 Bh6 26.Qf2 Bc6 27.e5 dxe5 28.fxe5 Bxe3 29.Qxe3 Nh7
30.Bxc6 Rxc6 31.Nd1 Rd8 32.Nf3 Qc7 33.Nb2 a5 34.Rcd1 axb4 35.axb4 f6 36.Kg2 Nxe5
37.Rxd8+ Qxd8 38.Nxe5 fxe5 39.Qxe5 Rd6 40.Re2 Nf8 41.Qe3 h4 42.gxh4 Qxh4
43.Qg3 Qd8 44.Rf2 Rd2 45.b5 Qd4 46.Rxd2 Qxd2+ 47.Qf2 Qc1 48.Qd4 Qg5+ 49.Kf3 Qf5+
50.Kg3 e5 51.Qd5+ Kg7 52.Nd3 Nd7 53.Nf2 Nc5 54.Ng4 Qf4+ 55.Kg2 e4 56.Qd4+ Kf7
57.Ne5+ Ke6 58.Qd5+ Kf6 59.Ng4+ Ke7 60.Qd4 Qf3+ 61.Kh2 Qe2+ 62.Kg1 Qe1+ 63.Kh2 Qe2+
64.Kg1 Qe1+ 65.Kh2 Nd7 66.Qg7+ Kd8 67.Qxg6 Qe2+ 68.Kg3 Qxc4 69.h4  1/2-1/2

[Event "XXII Open"]
[Site "Benidorm ESP"]
[Date "2009.05.02"]
[Round "9"]
[White "Kempinski,R"]
[Black "Berg,E"]
[Result "1-0"]
[WhiteElo "2587"]
[BlackElo "2610"]

1.Nf3 Nf6 2.c4 c5 3.Nc3 g6 4.d4 cxd4 5.Nxd4 Bg7 6.e4 d6 7.Be2 Nc6 8.Nc2 Nd7
9.O-O O-O 10.Be3 Nc5 11.f3 f5 12.exf5 Bxf5 13.Nd4 Bd7 14.f4 Nxd4 15.Bxd4 Bc6
16.Bxg7 Kxg7 17.Qd4+ Rf6 18.b4 Ne6 19.Qe3 Qb6 20.Qxb6 axb6 21.b5 Ra3 22.bxc6 bxc6
23.Ne4 Rxf4 24.Rxf4 Nxf4 25.Bf1 d5 26.cxd5 cxd5 27.Nf2 e5 28.Rd1 Ra5 29.a4 e4
30.Bb5 e3 31.Nh3 g5 32.Nxf4 gxf4 33.Rxd5 Kf6 34.g3 Ke6 35.Rd8 fxg3 36.hxg3 Ke5
37.Kg2 Ra7 38.Kf3 Rg7 39.Re8+ Kd4 40.Re4+ Kc3 41.Rxe3+ Kb4 42.Re6  1-0

[Event "TOP 16 GpA"]
[Site "Mulhouse FRA"]
[Date "2009.05.02"]
[Round "6"]
[White "Hauchard,A"]
[Black "Pelletier,Y"]
[Result "1-0"]
[WhiteElo "2512"]
[BlackElo "2559"]

1.Nf3 Nf6 2.c4 c5 3.Nc3 e6 4.g3 b6 5.Bg2 Bb7 6.O-O d6 7.b3 Be7 8.Bb2 O-O
9.d4 cxd4 10.Qxd4 a6 11.Rfd1 Nbd7 12.Rac1 Qc7 13.Ng5 Bxg2 14.Kxg2 Qb7+ 15.f3 b5
16.Nge4 Ne8 17.Nd2 Bf6 18.Qe4 Qb8 19.Qe3 d5 20.cxd5 exd5 21.Qd3 Nc7 22.e4 Rd8
23.exd5 b4 24.Na4 Bxb2 25.Nxb2 Ne5 26.Qe4 Nb5 27.Qxb4 Rxd5 28.Ne4 a5 29.Qe1 Nd4
30.Rc3 Qb7 31.Nd6 Qd7 32.Qe4  1-0

[Event "TOP 16 GpA"]
[Site "Mulhouse FRA"]
[Date "2009.05.03"]
[Round "7"]
[White "Aguettaz,M"]
[Black "Derieux,C"]
[Result "1-0"]
[WhiteElo "2396"]
[BlackElo "2144"]

1.Nf3 c5 2.c4 Nf6 3.Nc3 d5 4.cxd5 Nxd5 5.g3 Nc6 6.Bg2 Nc7 7.O-O e5 8.Ne1 Bg4
9.Bxc6+ bxc6 10.Qa4 Qd7 11.Nd3 f6 12.f3 Bf5 13.Ne4 Qd4+ 14.Qxd4 cxd4 15.b3 Bg6
16.Bb2 f5 17.Nef2 Bd6 18.Rac1 Kd7 19.e3 Ne6 20.exd4 exd4 21.f4 Bh5 22.Rfe1 c5
23.Nh3  1-0

[Event "ch-LTU"]
[Site "Vilnius LTU"]
[Date "2009.05.03"]
[Round "3"]
[White "Kudzma,L"]
[Black "Sarakauskas,G"]
[Result "0-1"]
[WhiteElo "2231"]
[BlackElo "2424"]

1.Nf3 c5 2.c4 e6 3.Nc3 Nf6 4.d4 cxd4 5.Nxd4 a6 6.e4 Bb4 7.Nc2 Bxc3+ 8.bxc3 Qa5
9.f3 d5 10.cxd5 exd5 11.Nb4 dxe4 12.Qd6 Nc6 13.Kf2 Qe5 14.Qxe5+ Nxe5 15.Bg5 exf3
16.gxf3 Be6 17.Re1 Ned7 18.Bh3 Nc5 19.Bxe6 fxe6 20.Be3 Nfd7 21.Rd1 Rc8 22.Rhg1 O-O
23.Rg4 Nf6 24.Rh4 a5 25.Nc2 Nfe4+ 26.Kg2 Nxc3 27.Rd6 Nxa2 28.Nd4 Rf6 29.Rh5 Nc3
30.Re5 a4 31.Bd2 Nb1 32.Bb4 Rg6+ 33.Kf1 Nd3 34.Rb5 a3 35.Rxb7 e5 36.Bxa3 Nxa3
37.Nf5 Rc1+ 38.Ke2 Nf4+ 39.Ke3 Nc4+ 40.Ke4 Re1+ 41.Ne3 Rxe3+  0-1

[Event "ch-LTU"]
[Site "Vilnius LTU"]
[Date "2009.05.04"]
[Round "4"]
[White "Zickus,S"]
[Black "Zagorskis,D"]
[Result "1/2-1/2"]
[WhiteElo "2307"]
[BlackElo "2514"]

1.Nf3 c5 2.c4 Nf6 3.Nc3 e6 4.g3 b6 5.Bg2 Bb7 6.O-O Be7 7.Re1 d5 8.cxd5 exd5
9.d4 O-O 10.b3 Na6 11.Bb2 Re8 12.dxc5 bxc5 13.e3 Nc7 14.Rc1 Ne6 15.Na4 Rc8
16.Re2 Rc7 17.Be5 Rc8 18.Rec2 Nd7 19.Bb2 Nb6 20.Nxb6 axb6 21.Ne5 Bf6 22.Rd2 Nc7
23.Nc4 Bxb2 24.Nxb2 Qd6 25.e4 Qf6 26.exd5 Bxd5  1/2-1/2

[Event "2nd Mayors Cup"]
[Site "Mumbai IND"]
[Date "2009.05.05"]
[Round "6"]
[White "Ram,S"]
[Black "Belov,Vl"]
[Result "0-1"]
[WhiteElo "2310"]
[BlackElo "2623"]

1.Nf3 Nf6 2.c4 c5 3.Nc3 e6 4.g3 b6 5.Bg2 Bb7 6.O-O d6 7.d4 cxd4 8.Qxd4 a6
9.Bg5 Nbd7 10.Rfd1 h6 11.Bxf6 Qxf6 12.Ne4 Qxd4 13.Nxd4 O-O-O 14.Rac1 Be7
15.b4 Nf6 16.Nc3 Bxg2 17.Kxg2 Kb7 18.b5 axb5 19.cxb5 d5 20.Nc6 Rd7 21.e4 Ba3
22.Rc2 dxe4 23.Rxd7+ Nxd7 24.Nxe4 Ra8 25.Rd2 Kc7 26.Rc2 Bc5 27.Nb4 Kd8 28.Na6 Be7
29.Rc7 Nb8 30.Rb7 Nxa6 31.bxa6 Rxa6 32.Nc3 f5 33.Nb5 Bc5 34.Rxg7 Rxa2 35.Rh7 Rxf2+
36.Kh1 e5 37.Nc7 Kc8 38.Ne6 Be3 39.Rc7+ Kb8 40.Rc3 f4 41.gxf4 exf4 42.h4 Re2  0-1

[Event "84th ch-ARG Semifinal"]
[Site "La Plata ARG"]
[Date "2009.05.06"]
[Round "9"]
[White "Slipak,S"]
[Black "Quiroga,F"]
[Result "1-0"]
[WhiteElo "2452"]
[BlackElo "2329"]

1.c4 e6 2.Nc3 c5 3.Nf3 Nf6 4.g3 b6 5.Bg2 Bb7 6.O-O Be7 7.Re1 O-O 8.e4 a6
9.d4 cxd4 10.Nxd4 Qc7 11.Be3 d6 12.Rc1 Nbd7 13.f4 Rfc8 14.g4 Nc5 15.Bf2 e5
16.Nf5 exf4 17.b4 Bf8 18.bxc5 bxc5 19.Bh4  1-0

[Event "31st Banicky kahanec"]
[Site "Prievidza SVK"]
[Date "2009.05.09"]
[Round "7"]
[White "Ftacnik,L"]
[Black "Babula,V"]
[Result "1/2-1/2"]
[WhiteElo "2559"]
[BlackElo "2584"]

1.Nf3 c5 2.c4 Nf6 3.Nc3 d5 4.cxd5 Nxd5 5.d4 e6 6.e4 Nxc3 7.bxc3 cxd4 8.cxd4 Bb4+
9.Bd2 Bxd2+ 10.Qxd2 O-O 11.Bc4 Nd7 12.O-O b6 13.Rfe1 Bb7 14.Rad1 Rc8 15.Bb3 h6
16.Qb2 Rc7 17.d5 exd5 18.exd5 Nc5 19.d6 Rd7 20.Ne5 Rxd6 21.Nxf7 Rxf7 22.Rxd6 Qxd6
23.Re8+ Kh7 24.Qc2+ Be4 25.Rxe4 Nxe4 26.Bxf7 g6 27.h4 Kg7 28.Bb3 Nf6 29.Qc4 Qe7
30.Kf1 Qd7 31.g3 Qe7 32.Bc2 Qd7 33.a4 Qd6 34.Bb3 Qe7 35.Ba2 Qd7 36.Qb3 Qe7
37.Bb1 Qd7 38.Qc2 Qf7 39.Qd3 Kh7 40.Qd4 Kg7 41.Bc2 Qd5 42.Qc3 Qd7 43.Ke1 Kf7
44.Bb3+ Kg7 45.Qc4 g5 46.hxg5 hxg5 47.f3 Qd6 48.Kf1 Kh6 49.g4 Nd7 50.Qf7 Qd3+
51.Ke1 Qe3+ 52.Kd1 Qd3+ 53.Kc1 Qe3+ 54.Kb1 Qg1+ 55.Ka2 Qf2+ 56.Kb1 Qg1+ 57.Ka2  1/2-1/2

[Event "TCh-NED 2008-9"]
[Site "Netherlands NED"]
[Date "2009.05.10"]
[Round "9"]
[White "Reinderman,D"]
[Black "Van Wely,L"]
[Result "1/2-1/2"]
[WhiteElo "2537"]
[BlackElo "2644"]

1.c4 Nf6 2.Nc3 c5 3.Nf3 e6 4.g3 b6 5.Bg2 Bb7 6.O-O Be7 7.d4 cxd4 8.Qxd4 d6
9.Bg5 O-O 10.Rfd1 Nbd7 11.Nb5 d5 12.cxd5 Bxd5 13.Rac1 Rc8 14.Nc3 Bc6 15.Ne5 Nxe5
16.Qxe5 Qe8  1/2-1/2

[Event "VI Moncada Open"]
[Site "Santiago de Cuba CUB"]
[Date "2009.05.17"]
[Round "2"]
[White "Lucena,L"]
[Black "Proietti,G"]
[Result "1-0"]
[WhiteElo "2206"]
[BlackElo "1932"]

1.c4 c5 2.Nc3 Nf6 3.Nf3 d5 4.cxd5 Nxd5 5.Nxd5 Qxd5 6.g3 e5 7.d3 Bd7 8.Bg2 Bc6
9.Be3 Be7 10.O-O O-O 11.a3 Qe6 12.Rc1 Nd7 13.Qd2 Rac8 14.b4 cxb4 15.axb4 a6
16.Qb2 f6 17.Rc3 Qf7 18.Rfc1 Rfd8 19.Nh4 Nb8 20.Bh3 Nd7 21.Nf5 Bf8 22.Bg2 g6
23.Nh4 Nb8 24.Ba7 Kg7 25.Bxb8 Rxb8 26.Bxc6 bxc6 27.Rxc6 Rxb4 28.Qa1 Rbd4
29.Nf3 R4d6 30.Qxa6 Qd5 31.Rxd6 Rxd6 32.Rc7+ Rd7 33.Qa7 Rxc7 34.Qxc7+ Kg8
35.Nd2 Qa2 36.Ne4 Qf7 37.Qd8 Kg7 38.h4 Qe6 39.Kg2 h6 40.Qc7+ Qe7 41.Qc6 f5
42.Nd2 Qd6 43.Qb7+ Qe7 44.Qa8 Qc7 45.Nf3 Bd6 46.Qd5 Qe7 47.h5 Qf6 48.hxg6 f4
49.Nh4 fxg3 50.fxg3 Be7 51.Qd7  1-0

[Event "27th NAO OCF FIDE Open"]
[Site "Stillwater USA"]
[Date "2009.05.25"]
[Round "6"]
[White "Crockett,J"]
[Black "Orton,W"]
[Result "0-1"]
[WhiteElo "2032"]
[BlackElo "2146"]

1.Nf3 c5 2.c4 Nf6 3.Nc3 d5 4.cxd5 Nxd5 5.d4 e6 6.e4 Nxc3 7.bxc3 Be7 8.Be2 O-O
9.O-O Nd7 10.Rb1 Qc7 11.Be3 b6 12.Qb3 Bb7 13.Nd2 Rac8 14.f3 cxd4 15.cxd4 Qc3
16.Bc4 Qxb3 17.axb3 Nb8 18.Ra1 a6 19.Rfc1 Rfd8 20.Nf1 b5 21.Be2 Nc6 22.Rd1 Bf6
23.e5 Be7 24.Rac1 Nb4 25.Rxc8 Rxc8 26.Rc1 Rxc1 27.Bxc1 Kf8 28.Kf2 Ke8 29.Bd2 Kd7
30.Ne3 Nd5 31.Nc2 Bd8 32.f4 g6 33.Bf3 Bc6 34.g3 a5 35.Ke2 Ne7 36.Ne3 Bxf3+
37.Kxf3 h5 38.Ke4 Kc6 39.h3 a4 40.bxa4 bxa4 41.Bb4 Nf5 42.Nf1 Bb6 43.g4 hxg4
44.hxg4 Nxd4 45.Ne3 Nb5 46.Nc4 Bc7 47.Kd3 Bb6 48.Ke4 Bg1 49.Na5+ Kc7 50.Nc4 Bb6
51.Kd3 Kc6 52.Ke4 Nc7 53.Nd6 Bc5 54.Bxc5 Kxc5 55.Kd3 a3 56.Kc3 Nd5+ 57.Kb3 Nxf4
58.Nxf7 Nd3 59.Kxa3 Kd5 60.Kb3 Nxe5 61.Nh8 g5 62.Kc3 Ke4 63.Kd2 Kf4 64.Ke2 Kxg4
65.Ke3 Kf5 66.Kd4 Kf4  0-1

[Event "Subic Open"]
[Site "Subic PHI"]
[Date "2009.05.25"]
[Round "1"]
[White "Dimakiling,O"]
[Black "Chua Zheng Yuan,T"]
[Result "1-0"]
[WhiteElo "2426"]
[BlackElo "2250"]

1.Nf3 Nf6 2.c4 c5 3.Nc3 d5 4.cxd5 Nxd5 5.d4 Nc6 6.e4 Nxc3 7.bxc3 cxd4 8.cxd4 Bg4
9.d5 Bxf3 10.gxf3 Ne5 11.Qa4+ Nd7 12.Rb1 Qc7 13.Bh3 Rd8 14.Qxa7 Qc3+ 15.Bd2 Qxf3
16.Bxd7+ Rxd7 17.Qa8+ Rd8 18.Qa4+ Rd7 19.Rxb7 Qxh1+ 20.Ke2 f6 21.Qxd7+ Kf7
22.Qe6+ Kg6 23.d6  1-0

[Event "Doroshkevicha Mem"]
[Site "Belorechensk RUS"]
[Date "2009.05.28"]
[Round "6"]
[White "Vastrukhin,O"]
[Black "Glazkov,A"]
[Result "1-0"]
[WhiteElo "2300"]
[BlackElo "2047"]

1.Nf3 Nf6 2.c4 c5 3.Nc3 d5 4.cxd5 Nxd5 5.Qb3 Nc7 6.e3 Nc6 7.Bc4 e6 8.O-O Be7
9.Rd1 Bd7 10.Be2 Na5 11.Qc2 f6 12.d4 c4 13.d5 exd5 14.Nxd5 Nxd5 15.Rxd5 b5
16.Nd4 Qb6 17.Bd2 Rd8 18.Qe4 Kf7 19.Rd1 Nb7 20.Nxb5 Nc5 21.Rxc5 Bxc5 22.Bxc4+ Kf8
23.Nc3 Re8 24.Qd3 Bc6 25.Nd5 Qb7 26.b4 Be7 27.Nxe7 Qxe7 28.b5 Be4 29.Qb3 Rd8
30.Bb4 Rxd1+ 31.Qxd1  1-0

[Event "ch-UKR w"]
[Site "Evpatoria UKR"]
[Date "2009.05.29"]
[Round "7"]
[White "Gritsayeva,O"]
[Black "Ivanenko,O2"]
[Result "1-0"]
[WhiteElo "2325"]
[BlackElo "2002"]

1.Nf3 Nf6 2.c4 c5 3.Nc3 e6 4.g3 b6 5.Bg2 Bb7 6.O-O Be7 7.Re1 d6 8.e4 a6 9.d4 cxd4
10.Nxd4 Qc7 11.Be3 Nbd7 12.Rc1 Rc8 13.f4 O-O 14.g4 Nc5 15.Bf2 d5 16.exd5 Qxf4
17.Bf3 Nxg4 18.Bxg4 f5 19.Bf3 e5 20.Nc6 Bd6 21.Bg2 e4 22.Bg3 Qh6 23.Bxd6 Qxd6
24.Bf1 f4 25.b4 f3 26.bxc5 Qg6+ 27.Kh1 Bxc6 28.Rxe4 Bd7 29.c6 f2 30.Bg2 Bf5
31.Re3 Bg4 32.Qd4 Rce8 33.Rf1 Qf5 34.Rxe8 Rxe8 35.Qxf2  1-0

[Event "TOP 16 Poule Haute"]
[Site "Le Port Marly FRA"]
[Date "2009.05.29"]
[Round "9"]
[White "Hauchard,A"]
[Black "Dourerassou,J"]
[Result "1/2-1/2"]
[WhiteElo "2512"]
[BlackElo "2416"]

1.Nf3 Nf6 2.c4 c5 3.Nc3 d5 4.cxd5 Nxd5 5.e4 Nb4 6.Bb5+ N8c6 7.d4 cxd4 8.a3 dxc3
9.Qxd8+ Kxd8 10.axb4 cxb2 11.Bxb2 Bd7 12.O-O e6 13.Bxc6 Bxc6 14.Ne5 Ke8 15.Nxc6 bxc6
16.Rfc1 Bxb4 17.Rxc6 Kd7 18.Rca6 Rhc8 19.Rxa7+ Rxa7 20.Rxa7+ Ke8 21.Ra1 f6
22.Rc1 Rd8 23.Kf1 Rd2 24.Bc3 Bxc3 25.Rxc3 Kf7 26.Ke1  1/2-1/2